Atelier de actividades criativas (Registo nº 2779)

Detalhes MARC
000 -Etiqueta do registo
Cabeçalho 01289nam a22003491 4500
005 - Identificador da versão
Campo de controlo 20240813121944.0
010 ## - Número internacional normalizado dos livros (ISBN)
Número (ISBN) 9728420358
100 ## - Dados gerais de processamento
Dados gerais de processamento 20010316d2000 cd y0pory5003 ba
102 ## - Pais de publicação ou produção
País de publicação Portugal
101 1# - Língua de publicação
Língua do texto, banda sonora, etc. Português
Língua do documento no original Espanhol
106 ## - Campo de dados codificados: material textual
Dados codificados do material textual r
215 ## - Descrição física 
Indicação específica da natureza do documento e extensão da espécie 6 vol.
Outras indicações físicas il. color.
Dimensões 28 cm
200 1# - Titulo e menção de responsabilidade
Título próprio Atelier de actividades criativas
Primeira menção de responsabilidade textos de Carme Bohera e Roser Piñol
Outras menções de responsabilidade trad. Francisco Marques
210 ## - Publicação, Distribuição, etc. 
Lugar da edição, distribuição, etc. Setúbal
Nome do editor, distribuidor, etc. Marina editores
Data da publicação, distribuição, etc. 2000
300 ## - Notas gerais 
Texto da nota Volumes 1, 5 e 6 estão desaparecidos
327 1# - Nota de conteúdo 
Texto da nota Vol. 1: Papel, objectos reciclados, 63 p.
-- Vol. 2: Mosaico, natureza, 63 p.
-- Vol. 3: Barro, fantoches, 64 p.
-- Vol. 4: Máscaras, papel mâché, 64 p.
-- Vol. 5: Colagem, móbiles, 64 p.
-- Vol. 6: Plasticina, decorações natalícias, 63 p.
517 1# - Outras variantes do título
Variant Title Papel, objectos reciclados
Variant Title Mosaico, natureza
Variant Title Barro, fantoches
Variant Title Máscaras, papel mâché
Variant Title Colagem, móbiles
Variant Title Plasticina, decorações natalícias
606 ## - Nome comum usado como assunto
Número de registo de entrada de autoridade 0001439
Palavra de ordem Arte
Subdivisão de assunto Trabalhos manuais
675 ## - Classificação Decimal Universal (CDU)
Notação 745
Edição
Língua da edição por
702 #1 - Nome de autor-pessoa física (responsabilidade secundária)
Número de registo de entrada de autoridade 0001758
Palavra de ordem Marques
Outra parte do nome não tomada para palavra de ordem Francisco
Código de função Tradutor
701 #1 - Nome de autor-pessoa física (co-responsabilidade principal)
Palavra de ordem Piñol
Outra parte do nome não tomada para palavra de ordem Roser
Código de função Autor / Co-autor
700 #1 - Nome de autor-pessoa física (responsabilidade principal)
Número de registo de entrada de autoridade 0001756
Palavra de ordem Bohera
Outra parte do nome não tomada para palavra de ordem Carme
942 ## - Elementos de entrada adicionados (Koha)
Tipo de item no Koha Livro
Exemplares
Situação do levantamento Origin of item (home branch) (coded) Biblioteca de empréstimo Código de barras Cota Circulation type (not for loan) Tipo de documento Nota do exemplar Damaged status
  Biblioteca Escolar da Coca Maravilhas Biblioteca Escolar da Coca Maravilhas BECM5008/01 7TMA ATE   Livro Sem mensagem  
  Biblioteca Escolar da Coca Maravilhas Biblioteca Escolar da Coca Maravilhas BECM5009/01 7TMA ATE   Livro Sem mensagem  
  Biblioteca Escolar da Coca Maravilhas Biblioteca Escolar da Coca Maravilhas BECM5760/02 7TMA ATE   Livro Sem mensagem  
  Biblioteca Escolar da Coca Maravilhas Biblioteca Escolar da Coca Maravilhas BECM5010/01 7TMA ATE   Livro Sem mensagem  
  Biblioteca Escolar da Coca Maravilhas Biblioteca Escolar da Coca Maravilhas BECM5011/01 7TMA ATE   Livro Sem mensagem  
  Biblioteca Escolar da Coca Maravilhas Biblioteca Escolar da Coca Maravilhas BECM5012/01 7TMA ATE   Livro Sem mensagem